[Event "Titled Tuesday intern op 21st Feb Early"]
[Site "Chess.com INT"]
[Date "2023.02.21"]
[Round "2"]
[White "Meera, Sai Ravi"]
[Black "Annaberdiev, Meilis"]
[Result "0-1"]
[WhiteElo "2064"]
[BlackElo "2495"]
[PlyCount "118"]
[EventDate "2023.02.21"]
[EventType "swiss (blitz)"]
[EventRounds "11"]
[EventCountry "USA"]
[SourceTitle "CBM 212 Extra"]
[Source "ChessBase"]
[SourceDate "2023.03.31"]
[SourceVersion "1"]
[SourceVersionDate "2023.03.31"]
[SourceQuality "1"]

1. e4 c5 2. Nf3 e6 3. d4 cxd4 4. Nxd4 Nc6 5. Nc3 Qc7 6. a3 a6 7. Be3 Nf6 8. Be2 b5 9. f4 Nxd4 10. Qxd4 Bb7 11. e5 Nd5 12. Nxd5 Bxd5 13. 0-0 Rc8 14. Rac1 Bc5 15. Qd2 Bxe3+ 16. Qxe3 Qc5 17. Qxc5 Rxc5 18. Bf3 Ke7 19. Bxd5 Rxd5 20. Rfd1 Rxd1+ 21. Rxd1 Rc8 22. c3 f6 23. exf6+ gxf6 24. Kf2 Rc4 25. g3 d5 26. Rd4 Kd6 27. Ke3 e5 28. fxe5+ fxe5 29. Rd1 Re4+ 30. Kd3 h5 31. Rf1 Ke6 32. Rf8 h4 33. Rg8 hxg3 34. hxg3 a5 35. g4 Rf4 36. Ke3 b4 37. cxb4 axb4 38. axb4 Rxb4 39. Rg6+ Ke7 40. Rg5 Kd6 41. Rg6+ Kc5 42. Re6 Rb3+ 43. Ke2 Rxb2+ 44. Ke3 Rb3+ 45. Ke2 Kd4 46. g5 Rg3 47. g6 e4 48. Rd6 Rg2+ 49. Kf1 Rg5 50. Ke2 Ke5 51. Ra6 Kf5 52. Rd6 Ke5 53. Rc6 Rg2+ 54. Kf1 Rg4 55. Ke2 d4 56. Rc5+ Kf4 57. Rc6 d3+ 58. Kd2 Rg2+ 59. Kd1 Ke3 0-1

[Event "Titled Tuesday intern op 21st Feb Early"]
[Site "Chess.com INT"]
[Date "2023.02.21"]
[Round "10"]
[White "Meera, Sai Ravi"]
[Black "Chakravarthi, Reddy M"]
[Result "1-0"]
[WhiteElo "2064"]
[BlackElo "2282"]
[PlyCount "75"]
[EventDate "2023.02.21"]
[EventType "swiss (blitz)"]
[EventRounds "11"]
[EventCountry "USA"]
[SourceTitle "CBM 212 Extra"]
[Source "ChessBase"]
[SourceDate "2023.03.31"]
[SourceVersion "1"]
[SourceVersionDate "2023.03.31"]
[SourceQuality "1"]

1. e4 e6 2. d4 d5 3. Nc3 Be7 4. e5 c5 5. Nf3 Nc6 6. Be3 Qb6 7. dxc5 Bxc5 8. Bxc5 Qxc5 9. Bd3 Nge7 10. 0-0 Ng6 11. Bxg6 hxg6 12. Ne2 b6 13. Ned4 Ba6 14. Re1 Rc8 15. c3 Qe7 16. Qa4 Qb7 17. b4 b5 18. Qd1 Qe7 19. Nb3 Bb7 20. Nc5 Ba8 21. Nd4 Nxd4 22. cxd4 Qh4 23. h3 Qg5 24. Qd3 Bc6 25. Rac1 0-0 26. Rc3 Be8 27. Rec1 Qf5 28. Qe2 a5 29. bxa5 b4 30. Rf3 Qh5 31. a6 Rb8 32. Qd2 Ba4 33. a7 Ra8 34. Qxb4 Bc6 35. Ra3 Qg5 36. Nd3 Rfc8 37. Rac3 Bd7 38. f4 1-0

[Event "Titled Tuesday intern op 21st Feb Early"]
[Site "Chess.com INT"]
[Date "2023.02.21"]
[Round "3"]
[White "Meera, Sai Ravi"]
[Black "Martin Duque, Jesus"]
[Result "0-1"]
[WhiteElo "2064"]
[BlackElo "2379"]
[PlyCount "82"]
[EventDate "2023.02.21"]
[EventType "swiss (blitz)"]
[EventRounds "11"]
[EventCountry "USA"]
[SourceTitle "CBM 212 Extra"]
[Source "ChessBase"]
[SourceDate "2023.03.31"]
[SourceVersion "1"]
[SourceVersionDate "2023.03.31"]
[SourceQuality "1"]

1. e4 c5 2. Nf3 b6 3. d4 cxd4 4. Nxd4 Bb7 5. Nc3 a6 6. g3 h5 7. h3 e6 8. Bg2 Ne7 9. 0-0 Ng6 10. f4 Bc5 11. Be3 Nc6 12. Qd2 h4 13. g4 Nxf4 14. Nxc6 Bxe3+ 15. Qxe3 Nxg2 16. Nxd8 Nxe3 17. Nxb7 Nxf1 18. Rxf1 Ke7 19. Rd1 d5 20. exd5 Rab8 21. d6+ Kd7 22. Rf1 f6 23. g5 f5 24. Rd1 Rxb7 25. Ne2 Rc8 26. Nf4 Rc6 27. Ng6 Rxd6 28. Ne5+ Kc7 29. Re1 Kd8 30. Nf3 Rc7 31. c3 Rc4 32. Nd4 Kd7 33. Kf2 b5 34. Ke3 g6 35. Kd3 Rc5 36. Kc2 e5 37. Nf3 e4 38. Nd4 Rxd4 39. b4 Rxb4 40. Rd1+ Kc7 41. Rd8 Kxd8 0-1

[Event "Titled Tuesday intern op 21st Feb Early"]
[Site "Chess.com INT"]
[Date "2023.02.21"]
[Round "9"]
[White "Meera, Sai Ravi"]
[Black "Shubenkova, Veronika"]
[Result "1-0"]
[WhiteElo "2064"]
[BlackElo "2002"]
[PlyCount "93"]
[EventDate "2023.02.21"]
[EventType "swiss (blitz)"]
[EventRounds "11"]
[EventCountry "USA"]
[SourceTitle "CBM 212 Extra"]
[Source "ChessBase"]
[SourceDate "2023.03.31"]
[SourceVersion "1"]
[SourceVersionDate "2023.03.31"]
[SourceQuality "1"]

1. e4 e6 2. d4 d5 3. Nc3 Nf6 4. e5 Nfd7 5. Nce2 c5 6. c3 Nc6 7. Nf3 b6 8. Nf4 Be7 9. h4 Bb7 10. Bd3 Qc7 11. 0-0 a6 12. Be3 g6 13. Ng5 Bxg5 14. hxg5 Ne7 15. Rc1 0-0-0 16. dxc5 bxc5 17. b4 c4 18. Bc2 Nxe5 19. Bd4 N7c6 20. Re1 Nxd4 21. cxd4 Nc6 22. Qd2 h6 23. gxh6 g5 24. Nh3 Rxh6 25. Qxg5 Rdh8 26. Qg4 f5 27. Qg5 Nxd4 28. Bd1 R6h7 29. Qe3 Rg7 30. Nf4 e5 31. Qxe5 Rgh7 32. Nh3 Qb6 33. a4 Rg8 34. a5 Qa7 35. Nf4 Rgh8 36. Bh5 Bc6 37. Rcd1 Nc2 38. Qxf5+ Bd7 39. Qxc2 Rxh5 40. Nxh5 Rxh5 41. Re7 Qc7 42. g3 Qd6 43. Qe2 Rh8 44. Qe3 Kd8 45. Re1 Qg6 46. Qb6+ Kc8 47. Qxg6 1-0

[Event "Titled Tuesday intern op 21st Feb Early"]
[Site "Chess.com INT"]
[Date "2023.02.21"]
[Round "7"]
[White "Meera, Sai Ravi"]
[Black "Valle Maytin, Luis Enrique"]
[Result "0-1"]
[WhiteElo "2064"]
[BlackElo "2240"]
[PlyCount "102"]
[EventDate "2023.02.21"]
[EventType "swiss (blitz)"]
[EventRounds "11"]
[EventCountry "USA"]
[SourceTitle "CBM 212 Extra"]
[Source "ChessBase"]
[SourceDate "2023.03.31"]
[SourceVersion "1"]
[SourceVersionDate "2023.03.31"]
[SourceQuality "1"]

1. e4 c6 2. d4 d5 3. e5 c5 4. Nf3 Bg4 5. dxc5 e6 6. Be3 a6 7. c3 Bxf3 8. Qxf3 Nd7 9. Bd4 Bxc5 10. Be2 Ne7 11. Bxc5 Nxc5 12. 0-0 Ng6 13. Qe3 Nd7 14. f4 Qb6 15. Qxb6 Nxb6 16. Nd2 Ne7 17. Nb3 Nf5 18. Kf2 h5 19. g3 0-0-0 20. Bd3 Ne7 21. Nd4 g6 22. Ke3 Kc7 23. a4 Nc4+ 24. Bxc4 dxc4 25. Ke4 Rd5 26. Rad1 Rhd8 27. Rd2 Kb6 28. Rfd1 Kc5 29. Nf3 Rxd2 30. Rxd2 Rd5 31. Rd4 Nf5 32. Rd2 b5 33. Nd4 Nxd4 34. cxd4+ Kb4 35. axb5 axb5 36. h3 Kb3 37. g4 hxg4 38. hxg4 b4 39. f5 c3 40. bxc3 bxc3 41. Rh2 c2 42. Rh3+ Kb2 43. Rh2 gxf5+ 44. gxf5 Kb1 45. fxe6 fxe6 46. Rh6 c1Q 47. Rxe6 Qc4 48. Rb6+ Kc2 49. Kf5 Qxd4 50. Re6 Qf2+ 51. Ke4 Rd4# 0-1

[Event "Titled Tuesday intern op 14th Feb Early"]
[Site "Chess.com INT"]
[Date "2023.02.14"]
[Round "3"]
[White "Meera, Sai Ravi"]
[Black "Aadit, Bhatia"]
[Result "0-1"]
[WhiteElo "2064"]
[BlackElo "1945"]
[PlyCount "78"]
[EventDate "2023.02.14"]
[EventType "swiss (blitz)"]
[EventRounds "11"]
[EventCountry "USA"]
[SourceTitle "CBM 212 Extra"]
[Source "ChessBase"]
[SourceDate "2023.03.31"]
[SourceVersion "1"]
[SourceVersionDate "2023.03.31"]
[SourceQuality "1"]

1. d4 Nf6 2. Nc3 d5 3. Bf4 c6 4. e3 Bf5 5. f3 e6 6. g4 Bg6 7. h4 h6 8. Qd2 Nbd7 9. 0-0-0 b5 10. Bd3 Bxd3 11. Qxd3 Nb6 12. Nh3 a5 13. e4 b4 14. Ne2 a4 15. Kb1 Nc4 16. e5 Nd7 17. g5 a3 18. b3 Nb2 19. Qd2 Nxd1 20. Rxd1 hxg5 21. Bxg5 Be7 22. Rg1 Bxg5 23. Rxg5 Rxh4 24. Nef4 Qxg5 25. Nxg5 Rh1+ 26. Qc1 Rxc1+ 27. Kxc1 Ke7 28. Nd3 Rb8 29. Kd2 f6 30. exf6+ gxf6 31. Nh3 Kd6 32. f4 c5 33. Ng1 cxd4 34. Nf3 e5 35. Nh4 Ke6 36. f5+ Kd6 37. Ng6 Nc5 38. Nf2 Ne4+ 39. Nxe4+ dxe4 0-1

[Event "Commonwealth-ch"]
[Site "Chennai"]
[Date "2012.11.25"]
[Round "4"]
[White "Ankit, R Rajpara"]
[Black "Meera, Sai Ravi"]
[Result "1-0"]
[WhiteElo "2423"]
[BlackElo "2122"]
[PlyCount "103"]
[EventDate "2012.11.23"]
[EventType "swiss"]
[EventRounds "11"]
[EventCountry "IND"]
[SourceTitle "CBM 151 Extra"]
[Source "ChessBase"]
[SourceDate "2012.12.18"]
[SourceVersion "1"]
[SourceVersionDate "2012.12.18"]
[SourceQuality "1"]

1. e4 e5 2. Nf3 Nc6 3. Bc4 Bc5 4. d3 Nf6 5. Nbd2 a6 6. 0-0 d6 7. c3 Ba7 8. Bb3 0-0 9. h3 Nh5 10. Nc4 Qf6 11. Ne3 Be6 12. Nd5 Bxd5 13. exd5 Nb8 14. d4 Nd7 15. Bg5 Qg6 16. Be7 Rfe8 17. Bc2 f5 18. Nh4 Qf7 19. Bxf5 Qxe7 20. Be6+ Kh8 21. Qxh5 Nf8 22. Bf7 Red8 23. Ng6+ Nxg6 24. Bxg6 h6 25. Rae1 Rf8 26. dxe5 dxe5 27. Rxe5 Qc5 28. Qe2 Rf6 29. Be4 Raf8 30. Bf3 Qd6 31. Re6 Qf4 32. Rxf6 Qxf6 33. Qe6 Qf4 34. Qg6 Rf6 35. Qe4 Qxe4 36. Bxe4 Bc5 37. g3 a5 38. Kg2 Kg8 39. f4 Rb6 40. b3 Kf7 41. Re1 Rd6 42. Kf3 Rd7 43. Bf5 Rd8 44. g4 Kf8 45. Be6 b6 46. h4 Be7 47. g5 h5 48. f5 Rd6 49. Ke4 c6 50. c4 c5 51. Rf1 Rd8 52. f6 1-0

[Event "IND-ch (Women) 38th"]
[Site "Chennai"]
[Date "2011.11.06"]
[Round "8"]
[White "Meera, Sai Ravi"]
[Black "Swati, Ghate"]
[Result "1-0"]
[WhiteElo "2117"]
[BlackElo "2278"]
[PlyCount "79"]
[EventDate "2011.10.29"]
[EventType "swiss"]
[EventRounds "11"]
[EventCountry "IND"]
[SourceTitle "EXT 2012"]
[Source "ChessBase"]
[SourceDate "2011.11.24"]
[SourceVersion "1"]
[SourceVersionDate "2011.11.24"]
[SourceQuality "1"]

1. e4 c5 2. Nc3 a6 3. g3 b5 4. Bg2 Bb7 5. Nge2 e6 6. d4 cxd4 7. Nxd4 Nc6 8. 0-0 Qc7 9. Re1 Nxd4 10. Qxd4 Ne7 11. Bf4 Qc4 12. Qb6 Qc6 13. Qa5 Ng6 14. Nd5 Nxf4 15. Nc7+ Ke7 16. gxf4 Rc8 17. Nd5+ Ke8 18. Rad1 Bc5 19. b4 Ba7 20. c4 bxc4 21. b5 Qc5 22. Qc3 Rg8 23. b6 Bb8 24. Qh3 h6 25. Qh4 c3 26. Rd3 c2 27. Rc3 Bxd5 28. Rxc5 Rxc5 29. Rc1 Bb7 30. Qg3 g5 31. e5 Bxg2 32. Qxg2 Ke7 33. Qe4 gxf4+ 34. Kf1 Rgc8 35. Qb4 a5 36. Qb3 R8c6 37. b7 f3 38. Qxf3 Bxe5 39. Qh5 Rb5 40. Qxe5 1-0

[Event "IND-ch (Women) 38th"]
[Site "Chennai"]
[Date "2011.11.02"]
[Round "5"]
[White "Karavade, Eesha"]
[Black "Meera, Sai Ravi"]
[Result "1/2-1/2"]
[WhiteElo "2348"]
[BlackElo "2117"]
[PlyCount "67"]
[EventDate "2011.10.29"]
[EventType "swiss"]
[EventRounds "11"]
[EventCountry "IND"]
[SourceTitle "EXT 2012"]
[Source "ChessBase"]
[SourceDate "2011.11.24"]
[SourceVersion "1"]
[SourceVersionDate "2011.11.24"]
[SourceQuality "1"]

1. d4 Nf6 2. c4 g6 3. Nf3 Bg7 4. g3 d6 5. Bg2 0-0 6. 0-0 c6 7. Nc3 Qa5 8. e4 Bg4 9. h3 Bxf3 10. Bxf3 e5 11. d5 c5 12. Be3 Nbd7 13. Rb1 a6 14. a3 Qc7 15. Be2 Kh8 16. Qd2 Ng8 17. Bd3 f5 18. exf5 gxf5 19. f4 Rae8 20. Kh2 Ne7 21. Rbe1 Ng6 22. Qc2 exf4 23. gxf4 Nh4 24. Qf2 Bf6 25. Bd2 Rxe1 26. Rxe1 Rg8 27. Rg1 Qd8 28. Rxg8+ Qxg8 29. Qg3 Qe8 30. Be3 Qh5 31. Be2 Qe8 32. Bd3 Qh5 33. Be2 Qe8 34. Bd3 1/2-1/2

[Event "IND-chB (Women) 38th"]
[Site "Chennai"]
[Date "2011.07.09"]
[Round "10"]
[White "Bhakti, Kulkarni"]
[Black "Meera, Sai Ravi"]
[Result "1-0"]
[WhiteElo "2317"]
[BlackElo "2119"]
[PlyCount "77"]
[EventDate "2011.07.02"]
[EventType "swiss"]
[EventRounds "11"]
[EventCountry "IND"]
[SourceTitle "CBM 143 Extra"]
[Source "ChessBase"]
[SourceDate "2011.08.29"]
[SourceVersion "1"]
[SourceVersionDate "2011.08.29"]
[SourceQuality "1"]

1. d4 Nf6 2. c4 g6 3. Nc3 Bg7 4. e4 d6 5. Nf3 0-0 6. Be2 e5 7. d5 a5 8. Bg5 Na6 9. Nd2 Qe8 10. a3 Bd7 11. 0-0 Kh8 12. b3 Ng8 13. Rb1 f5 14. f3 Bh6 15. Bxh6 Nxh6 16. b4 axb4 17. axb4 g5 18. c5 dxc5 19. Bxa6 bxa6 20. bxc5 Bb5 21. Nxb5 axb5 22. Qb3 Rb8 23. c6 g4 24. exf5 g3 25. hxg3 Nxf5 26. Rfe1 Nxg3 27. Qc3 Rf5 28. f4 Qg6 29. Nf3 Rxf4 30. Qxe5+ Rf6 31. Rb4 Rg8 32. Rg4 Qxg4 33. Qxf6+ Qg7 34. Qxg7+ Kxg7 35. Re7+ Kf6 36. Rxc7 Rd8 37. Rg7 Ne2+ 38. Kf2 Nc3 39. c7 1-0

[Event "IND-chB (Women) 38th"]
[Site "Chennai"]
[Date "2011.07.07"]
[Round "8"]
[White "Harini, S."]
[Black "Meera, Sai Ravi"]
[Result "1/2-1/2"]
[WhiteElo "2022"]
[BlackElo "2119"]
[PlyCount "34"]
[EventDate "2011.07.02"]
[EventType "swiss"]
[EventRounds "11"]
[EventCountry "IND"]
[SourceTitle "CBM 143 Extra"]
[Source "ChessBase"]
[SourceDate "2011.08.29"]
[SourceVersion "1"]
[SourceVersionDate "2011.08.29"]
[SourceQuality "1"]

1. e4 e5 2. Nf3 Nc6 3. Bb5 a6 4. Ba4 Nf6 5. 0-0 Nxe4 6. d4 b5 7. Bb3 d5 8. dxe5 Be6 9. Nbd2 Bc5 10. Qe2 Nxd2 11. Bxd2 0-0 12. c3 Bg4 13. Be3 Bxe3 14. Qxe3 Bxf3 15. Qxf3 Nxe5 16. Qxd5 Qxd5 17. Bxd5 Rad8 1/2-1/2

[Event "IND-chB (Women) 38th"]
[Site "Chennai"]
[Date "2011.07.05"]
[Round "6"]
[White "Bala, Kannamma P"]
[Black "Meera, Sai Ravi"]
[Result "0-1"]
[WhiteElo "1931"]
[BlackElo "2119"]
[PlyCount "98"]
[EventDate "2011.07.02"]
[EventType "swiss"]
[EventRounds "11"]
[EventCountry "IND"]
[SourceTitle "CBM 143 Extra"]
[Source "ChessBase"]
[SourceDate "2011.08.29"]
[SourceVersion "1"]
[SourceVersionDate "2011.08.29"]
[SourceQuality "1"]

1. e4 e5 2. Nf3 Nc6 3. Bb5 a6 4. Ba4 Nf6 5. 0-0 Nxe4 6. Re1 Nc5 7. Bxc6 dxc6 8. Nxe5 Be7 9. d4 Ne6 10. c3 0-0 11. Be3 f6 12. Nf3 f5 13. a4 f4 14. Bd2 Kh8 15. Qb3 Qd5 16. Qxd5 cxd5 17. Na3 Bd6 18. Nc2 Bd7 19. Ne5 Be8 20. f3 Bh5 21. Re2 Ng5 22. Ne1 Ne4 23. N1d3 g5 24. Rae1 Nf6 25. h4 h6 26. hxg5 hxg5 27. Kf2 Kg7 28. b3 Rad8 29. Rg1 Ne4+ 30. fxe4 Bxe2 31. Kxe2 dxe4 32. Ne1 Bxe5 33. dxe5 Kg6 34. c4 Rh8 35. Bc3 Rh2 36. a5 Kf5 37. b4 Kg4 38. Kf2 Rd1 39. Nf3 e3+ 40. Ke2 Rxg1 41. Nxh2+ Kf5 42. Kf3 Rh1 43. g4+ Ke6 44. Kg2 Rc1 45. Bd4 e2 46. Nf3 e1Q 47. Nxe1 Rxe1 48. Kf3 Rc1 49. c5 Rc4 0-1

[Event "IND-ch (Women)"]
[Site "Chennai"]
[Date "2009.12.10"]
[Round "9"]
[White "Meera, Sai Ravi"]
[Black "Ramaswamy, Aarthie"]
[Result "1/2-1/2"]
[WhiteElo "2210"]
[BlackElo "2213"]
[PlyCount "22"]
[EventDate "2009.12.02"]
[EventType "swiss"]
[EventRounds "11"]
[EventCountry "IND"]
[SourceTitle "EXT 2011"]
[Source "ChessBase"]
[SourceDate "2010.11.26"]
[SourceVersion "1"]
[SourceVersionDate "2010.11.26"]
[SourceQuality "1"]

1. e4 c5 2. Nc3 d6 3. f4 Nc6 4. Nf3 g6 5. Bc4 Bg7 6. 0-0 e6 7. d3 Nge7 8. Qe1 0-0 9. Qh4 d5 10. Bb3 Na5 11. Bd2 Nxb3 1/2-1/2

[Event "IND-ch (Women)"]
[Site "Chennai"]
[Date "2009.12.06"]
[Round "5"]
[White "Gomes, Mary Ann"]
[Black "Meera, Sai Ravi"]
[Result "1-0"]
[WhiteElo "2384"]
[BlackElo "2210"]
[PlyCount "91"]
[EventDate "2009.12.02"]
[EventType "swiss"]
[EventRounds "11"]
[EventCountry "IND"]
[SourceTitle "EXT 2011"]
[Source "ChessBase"]
[SourceDate "2010.11.26"]
[SourceVersion "1"]
[SourceVersionDate "2010.11.26"]
[SourceQuality "1"]

1. Nf3 Nf6 2. c4 g6 3. Nc3 Bg7 4. d4 d6 5. g3 0-0 6. Bg2 Nc6 7. 0-0 a6 8. e4 Bg4 9. Be3 Nd7 10. Ne2 Na5 11. Rc1 c5 12. h3 Bxf3 13. Bxf3 Nc6 14. b3 Rb8 15. d5 Nb4 16. a3 Nd3 17. Rb1 b5 18. cxb5 axb5 19. Bg2 c4 20. Nd4 Qc7 21. Nc6 Ra8 22. bxc4 bxc4 23. Qc2 N7c5 24. Qxc4 Rxa3 25. Qb5 e6 26. Rfd1 exd5 27. exd5 f5 28. Bxc5 Nxc5 29. Re1 Ne4 30. Bxe4 fxe4 31. Rxe4 Raf3 32. Re7 Qc8 33. Re6 Qa8 34. Rf1 Qa2 35. Qe2 Qb3 36. Re3 Rxe3 37. Qxe3 Qxe3 38. fxe3 Re8 39. Re1 Ra8 40. Rb1 Bh6 41. Kf2 Ra2+ 42. Kf3 Ra3 43. Rb7 Rd3 44. Kf2 Kf8 45. Kf3 g5 46. Nd4 1-0

[Event "IND Challenger (Women)"]
[Site "Nagpur"]
[Date "2009.09.14"]
[Round "10"]
[White "Sahajasri, Cholleti"]
[Black "Meera, Sai Ravi"]
[Result "1/2-1/2"]
[WhiteElo "1942"]
[BlackElo "2222"]
[PlyCount "28"]
[EventDate "2009.09.07"]
[EventType "swiss"]
[EventRounds "11"]
[EventCountry "IND"]
[SourceTitle "CBM 132 Extra"]
[Source "ChessBase"]
[SourceDate "2009.11.03"]
[SourceVersion "1"]
[SourceVersionDate "2009.11.03"]
[SourceQuality "1"]

1. d4 Nf6 2. c4 g6 3. Nc3 Bg7 4. e4 d6 5. Be2 0-0 6. Bg5 Na6 7. Qd2 e5 8. dxe5 dxe5 9. Qxd8 Rxd8 10. Nd5 Rd6 11. Nc3 Rd8 12. Nd5 Rd6 13. Nc3 Rd8 14. Nd5 Rd6 1/2-1/2

[Event "IND Challenger (Women)"]
[Site "Nagpur"]
[Date "2009.09.10"]
[Round "5"]
[White "Meera, Sai Ravi"]
[Black "Supriya, Maji"]
[Result "1-0"]
[WhiteElo "2222"]
[BlackElo "2107"]
[PlyCount "111"]
[EventDate "2009.09.07"]
[EventType "swiss"]
[EventRounds "11"]
[EventCountry "IND"]
[SourceTitle "CBM 132 Extra"]
[Source "ChessBase"]
[SourceDate "2009.11.03"]
[SourceVersion "1"]
[SourceVersionDate "2009.11.03"]
[SourceQuality "1"]

1. e4 e5 2. Nf3 Nc6 3. Bb5 a6 4. Ba4 Nf6 5. 0-0 Be7 6. Re1 b5 7. Bb3 d6 8. c3 Bg4 9. h3 Bh5 10. d3 0-0 11. Nbd2 Na5 12. Bc2 Qd7 13. Nf1 Bg6 14. Ng3 Nh5 15. Nxe5 dxe5 16. Nxh5 f5 17. Ng3 Bh4 18. Qe2 f4 19. Nf5 Bf6 20. b4 Nc6 21. a4 Rad8 22. axb5 axb5 23. Bb2 Ne7 24. Nxe7+ Bxe7 25. Qg4 Qc6 26. Red1 Kh8 27. Bb3 Bd6 28. Ra7 Rf6 29. Bd5 Qe8 30. Rda1 Bh5 31. Qh4 Rf8 32. f3 Be7 33. Qf2 Bd6 34. R1a6 Qe7 35. Rb7 Be8 36. Qd2 Bd7 37. Rba7 Qg5 38. Kf1 Qg3 39. Qf2 Qg5 40. Ra8 h6 41. Rxd8 Rxd8 42. Ra8 c6 43. Rxd8+ Qxd8 44. Bb3 Be7 45. c4 Be6 46. Qc2 Bxb4 47. cxb5 Qh4 48. Bc3 Bxb3 49. Qxb3 Bxc3 50. Qxc3 cxb5 51. Qc8+ Kh7 52. Qf5+ Kh8 53. Qxe5 Qd8 54. Qxb5 Qc7 55. Qc4 Qb7 56. Qc1 1-0

[Event "IND Challenger (Women)"]
[Site "Nagpur"]
[Date "2009.09.09"]
[Round "3"]
[White "Meera, Sai Ravi"]
[Black "Swati, Mohota"]
[Result "1-0"]
[WhiteElo "2222"]
[BlackElo "2074"]
[PlyCount "63"]
[EventDate "2009.09.07"]
[EventType "swiss"]
[EventRounds "11"]
[EventCountry "IND"]
[SourceTitle "CBM 132 Extra"]
[Source "ChessBase"]
[SourceDate "2009.11.03"]
[SourceVersion "1"]
[SourceVersionDate "2009.11.03"]
[SourceQuality "1"]

1. e4 c6 2. d4 d5 3. exd5 cxd5 4. c4 dxc4 5. Bxc4 Qc7 6. Qd3 Nf6 7. Nc3 e6 8. Nf3 a6 9. 0-0 Be7 10. Re1 0-0 11. Bb3 Nc6 12. a3 b5 13. Bg5 Rd8 14. Ne4 Nd5 15. Rac1 Bb7 16. Nc5 g6 17. h4 Ra7 18. h5 Bxg5 19. Nxg5 Nf4 20. Qe3 Nxg2 21. Kxg2 Nxd4+ 22. Nxb7 Qxb7+ 23. Kg1 Nxb3 24. Qxb3 Rd5 25. Qe3 Ra8 26. hxg6 hxg6 27. Qf4 Rf5 28. Qh4 Kg7 29. Qh7+ Kf6 30. Nxe6 fxe6 31. Qxb7 Rh8 32. Rc7 1-0

[Event "IND Challenger (Women)"]
[Site "Nagpur"]
[Date "2009.09.07"]
[Round "1"]
[White "Meera, Sai Ravi"]
[Black "Simantini, Huchche"]
[Result "1-0"]
[WhiteElo "2222"]
[BlackElo "1697"]
[PlyCount "49"]
[EventDate "2009.09.07"]
[EventType "swiss"]
[EventRounds "11"]
[EventCountry "IND"]
[SourceTitle "CBM 132 Extra"]
[Source "ChessBase"]
[SourceDate "2009.11.03"]
[SourceVersion "1"]
[SourceVersionDate "2009.11.03"]
[SourceQuality "1"]

1. e4 d5 2. exd5 Qxd5 3. Nc3 Qa5 4. d4 Bf5 5. Nf3 c6 6. Bc4 Nf6 7. Bd2 e6 8. Nd5 Qd8 9. Nxf6+ Qxf6 10. Qe2 Nd7 11. 0-0-0 Bd6 12. Bg5 Qg6 13. d5 cxd5 14. Rxd5 Be7 15. Bxe7 exd5 16. Bxd5 Be6 17. Bd6 Rc8 18. Bxb7 Rc4 19. Re1 Ra4 20. Bc6 Rxa2 21. Bxd7+ Kd8 22. Qb5 Ra1+ 23. Kd2 Qh6+ 24. Ng5 Rxe1 25. Qb8+ 1-0

[Event "Sort op 5th"]
[Site "Sort"]
[Date "2009.07.01"]
[Round "8"]
[White "Meera, Sai Ravi"]
[Black "Pham Guerrero, Sergi"]
[Result "0-1"]
[WhiteElo "2155"]
[BlackElo "2212"]
[PlyCount "122"]
[EventDate "2009.06.24"]
[EventType "swiss"]
[EventRounds "9"]
[EventCountry "ESP"]
[SourceTitle "CBM 131 Extra"]
[Source "ChessBase"]
[SourceDate "2009.09.03"]
[SourceVersion "2"]
[SourceVersionDate "2009.09.16"]
[SourceQuality "1"]

1. e4 c5 2. Nc3 Nc6 3. Nf3 g6 4. Bb5 Bg7 5. 0-0 Nd4 6. Bc4 d6 7. d3 Bg4 8. Bxf7+ Kxf7 9. Ng5+ Ke8 10. Qxg4 Nf6 11. Qd1 h6 12. Nf3 Rf8 13. e5 Nd7 14. Nh4 Nxe5 15. f4 e6 16. g3 g5 17. Ng2 Nf7 18. Ne4 d5 19. Nxc5 Qc7 20. Nxe6 Nxe6 21. Re1 Qb6+ 22. Kh1 Kd8 23. fxg5 hxg5 24. Qg4 Kd7 25. d4 Rae8 26. Bxg5 Qxd4 27. Nf4 Nfxg5 28. Rad1 Rxf4 29. gxf4 Ne4 30. Rxd4 Nf2+ 31. Kg1 Nxg4 32. Rxd5+ Kc6 33. Rd3 Nf6 34. f5 Nc5 35. Rxe8 Nxe8 36. Rg3 Bxb2 37. h4 Ne4 38. Rg6+ Kd5 39. h5 N8f6 40. h6 Bc1 41. Rg7 Bxh6 42. Rxb7 Be3+ 43. Kf1 Ke5 44. Ke2 Bb6 45. Ke1 Kxf5 46. a4 Ke6 47. a5 Bxa5+ 48. Kd1 Bb6 49. Kc1 Nc5 50. Rb8 Kd5 51. Kb2 Kc4 52. Rf8 Nd5 53. Rg8 Nc3 54. Rg4+ N5e4 55. Rh4 a5 56. Rh6 Bc5 57. Ra6 a4 58. Ra8 Nd6 59. Ra6 Ndb5 60. Ra8 a3+ 61. Kc1 Be3# 0-1

[Event "Sort op 5th"]
[Site "Sort"]
[Date "2009.06.27"]
[Round "4"]
[White "Meera, Sai Ravi"]
[Black "Edo Theys, Enric"]
[Result "1-0"]
[WhiteElo "2155"]
[BlackElo "1894"]
[PlyCount "43"]
[EventDate "2009.06.24"]
[EventType "swiss"]
[EventRounds "9"]
[EventCountry "ESP"]
[SourceTitle "CBM 131 Extra"]
[Source "ChessBase"]
[SourceDate "2009.09.03"]
[SourceVersion "2"]
[SourceVersionDate "2009.09.16"]
[SourceQuality "1"]

1. e4 c5 2. Nc3 Nc6 3. f4 g6 4. Nf3 Bg7 5. Bc4 e6 6. f5 Nge7 7. fxe6 dxe6 8. 0-0 a6 9. a4 0-0 10. d3 Nd4 11. Kh1 Nec6 12. Bg5 Qd6 13. e5 Nxe5 14. Ne4 Qc7 15. Nxe5 Bxe5 16. Nf6+ Kh8 17. Qg4 h5 18. Qh3 Bxh2 19. Nxh5 e5 20. Qxh2 gxh5 21. Qxh5+ Kg8 22. Bf6 1-0

[Event "Canadian op"]
[Site "Montreal"]
[Date "2008.07.25"]
[Round "7"]
[White "Chabot, Roland"]
[Black "Meera, Sai Ravi"]
[Result "1-0"]
[WhiteElo "2235"]
[BlackElo "2179"]
[PlyCount "139"]
[EventDate "2008.07.19"]
[EventType "swiss"]
[EventRounds "9"]
[EventCountry "CAN"]
[SourceTitle "CBM 125 Extra"]
[Source "ChessBase"]
[SourceDate "2008.09.01"]
[SourceVersion "1"]
[SourceVersionDate "2008.09.01"]
[SourceQuality "1"]

1. d4 Nf6 2. c4 g6 3. Nc3 Bg7 4. e4 d6 5. Nf3 0-0 6. Be2 e5 7. 0-0 Nc6 8. d5 Ne7 9. Ne1 Nd7 10. Be3 f5 11. f3 f4 12. Bf2 g5 13. a4 a5 14. Nd3 b6 15. b4 axb4 16. Nxb4 Nf6 17. Be1 Kh8 18. Nd3 Ng6 19. Nf2 h5 20. h3 Rf7 21. Ra3 Bf8 22. Nb5 Rg7 23. a5 bxa5 24. Bxa5 Rxa5 25. Rxa5 c6 26. Ra8 cxb5 27. cxb5 Qc7 28. Qd2 Bb7 29. Rc1 Qb6 30. Ra4 Nd7 31. Qa5 Qe3 32. Re1 Nh4 33. Ra3 Qb6 34. Qxb6 Nxb6 35. Rc1 Ng6 36. Nd3 Ne7 37. Nb4 Nec8 38. Rac3 Be7 39. R1c2 Bd8 40. Kf1 Na7 41. Ra2 Nbc8 42. Nc2 Bb6 43. Nb4 Bc5 44. Nc6 Bxc6 45. bxc6 Nb6 46. Rb3 Kg8 47. Ba6 Rc7 48. Ke2 Kf8 49. Kd3 Ke7 50. Bb7 Nac8 51. Ra6 Kd8 52. Rb2 Bd4 53. Rba2 Bc5 54. Bxc8 Nxc8 55. Ra8 Ba7 56. Rb2 Bc5 57. Rb7 Ba7 58. Kc4 Bd4 59. Kb5 Be3 60. Ka6 Bd4 61. Rab8 Be3 62. Rxc7 Kxc7 63. Rb7+ Kd8 64. Rd7+ Ke8 65. Rg7 h4 66. Kb7 Nb6 67. c7 Kf8 68. Rxg5 Kf7 69. Rh5 Bf2 70. Rxh4 1-0